| 000 | 01663nmc a2200553 a 4500 | ||
|---|---|---|---|
| 003 | AR-BaBNM | ||
| 005 | 20251128204239.0 | ||
| 008 | 056019s1988 ||||||||||||||000 | spa|| | ||
| 020 | _a950-40-0035-5 | ||
| 040 | _cAR-BaBNM | ||
| 100 | 1 | _aFloria, Carlos Alberto | |
| 245 | 1 | 0 | _aHistoria política de la Argentina contemporánea, 1880-1983 |
| 250 | _a5ª ed. | ||
| 260 |
_aBuenos Aires _bAlianza Editorial _c1988 |
||
| 300 | 0 |
_a275 p. _btablas |
|
| 490 | 0 |
_aAlianza Universidad _vv. 541 |
|
| 500 | 0 | _aLecturas sugeridas en p. 271-275 | |
| 600 | 1 | 4 |
_aSáenz Peña, Roque _d1851-1914 |
| 600 | 1 | 4 |
_aYrigoyen, Hipólito _d1852-1933 |
| 600 | 1 | 4 |
_aAlvear, Marcelo Torcuato de _d1868-1942 |
| 600 | 1 | 4 |
_aFrondizi, Arturo _d1908-1995 |
| 600 | 1 | 4 |
_aIllia, Arturo Umberto _d1900-1983 |
| 600 | 1 | 4 |
_aCámpora, Héctor José _d1909-1980 |
| 600 | 1 | 4 |
_aPerón, Juan Domingo _d1895-1974 |
| 650 | 4 | _aHISTORIA POLITICA ARGENTINA | |
| 650 | 4 | _aPOLITICA ARGENTINA | |
| 650 | 4 | _aORGANIZACION NACIONAL | |
| 650 | 4 | _aLIBERALISMO | |
| 650 | 4 | _aDEMOCRATIZACION | |
| 650 | 4 | _aCONSERVADURISMO | |
| 650 | 4 | _aREVOLUCION | |
| 650 | 4 | _aREFORMA POLITICA | |
| 650 | 4 | _aSUBVERSION EN ARGENTINA | |
| 650 | 4 | _aTERRORISMO | |
| 650 | 4 | _aAUTORITARISMO | |
| 650 | 4 | _aFUERZAS ARMADAS | |
| 650 | 4 | _aGOLPES DE ESTADO | |
| 650 | 4 | _aCRISIS POLITICAS | |
| 650 | 4 | _aGUERRA DE MALVINAS | |
| 650 | 4 | _aDEMOCRACIA | |
| 651 | 4 | _aArgentina | |
| 653 | 0 | _aPERONISMO | |
| 653 | 0 | _aDICTADURA MILITAR 1976-1983 | |
| 653 | 0 | _aGOBIERNO MILITAR | |
| 653 | 0 | _aPROCESO DE REORGANIZACION NACIONAL | |
| 700 | 1 | _aGarcía Belsunce, César A. | |
| 942 | _cBK | ||
| 998 | _cenrique | ||
| 999 |
_c6701 _d6701 |
||